The economics of Soviet oil and gas
Đã lưu trong:
| Príomhúdar: | |
|---|---|
| Formáid: | Leabhar |
| Teanga: | Undetermined |
| Foilsithe: |
Maryland
John Hopkins Press
1968
|
| Ábhair: | |
| Clibeanna: |
Cuir Clib Leis
Gan Chlibeanna, Bí ar an gcéad duine leis an taifead seo a chlibeáil!
|
| Thư viện lưu trữ: | Trung tâm Học liệu Trường Đại học Cần Thơ |
|---|
| LEADER | 00505nam a2200181Ia 4500 | ||
|---|---|---|---|
| 001 | CTU_78030 | ||
| 008 | 210402s9999 xx 000 0 und d | ||
| 082 | |a 338.2 | ||
| 082 | |b C187 | ||
| 100 | |a Campbell, Robert W. | ||
| 245 | 4 | |a The economics of Soviet oil and gas | |
| 245 | 0 | |c Robert W. Campbell | |
| 260 | |a Maryland | ||
| 260 | |b John Hopkins Press | ||
| 260 | |c 1968 | ||
| 650 | |a Petroleum industry and trade | ||
| 650 | |z Soviet Union | ||
| 980 | |a Trung tâm Học liệu Trường Đại học Cần Thơ | ||